Central Library OPAC University of Rajshahi

পাকিস্তানের কারাগারে বঙ্গবন্ধু / (Record no. 78968)

MARC details
000 -LEADER
fixed length control field 01096nam a22002417a 4500
001 - CONTROL NUMBER
control field 78968
003 - CONTROL NUMBER IDENTIFIER
rucl marc code BD-RjUL
005 - DATE AND TIME OF LATEST TRANSACTION
control field 20211209083209.0
008 - FIXED-LENGTH DATA ELEMENTS--GENERAL INFORMATION
fixed length control field 211205s20191991bg ||||| |||| 00| 0 ben d
020 ## - INTERNATIONAL STANDARD BOOK NUMBER
International Standard Book Number 9789845980241
Terms of availability : TK.250.00
035 ## - SYSTEM CONTROL NUMBER
System control number (BD-RjUL)79195
040 ## - CATALOGING SOURCE
Original cataloging agency BD-RjUL
Language of cataloging eng
Transcribing agency BD-RjUL
041 ## - LANGUAGE CODE
Language code of text/sound track or separate title ben
082 ## - DEWEY DECIMAL CLASSIFICATION NUMBER
Edition number 23
Classification number 954.9205092
Author mark and year PAP 2019
100 ## - MAIN ENTRY--PERSONAL NAME
Personal name পেইন, রবার্ট.
9 (RLIN) 251007
245 10 - TITLE STATEMENT
Title পাকিস্তানের কারাগারে বঙ্গবন্ধু /
Statement of responsibility, etc. রবার্ট পেইন; ভাবানুবাদ ওবায়দুল কাদের
260 ## - PUBLICATION, DISTRIBUTION, ETC. (IMPRINT)
Place of publication, distribution, etc. ঢাকা :
Name of publisher, distributor, etc. চারুলিপি প্রকাশন,
Date of publication, distribution, etc. ১৯৯১ [মুদ্রণ ২০২০]
300 ## - PHYSICAL DESCRIPTION
Pagination ১৪৩ পৃষ্ঠা :
Illustrations চিত্র ;
Size ২২ সে.মি.
600 ## - SUBJECT ADDED ENTRY--PERSONAL NAME
Personal name মুজিবুর রহমান,
Titles and other words associated with a name শেখ,
Dates associated with a name ১৯২০-১৯৭৫
Personal name Mujibur Rahman,
Titles and other words associated with a name Sheikh,
Dates associated with a name 1920-1975
700 ## - ADDED ENTRY--PERSONAL NAME
Personal name কাদের, ওবায়দুল
942 ## - ADDED ENTRY ELEMENTS (KOHA)
Source of classification or shelving scheme Dewey Decimal Classification
Koha item type Books
Holdings
Lost status Source of classification or shelving scheme Damaged status Not for loan Collection code Permanent Location Current Location Shelving location Date acquired Source of acquisition Cost, normal purchase price Total Checkouts Full call number Date last seen Copy number Koha item type
  Dewey Decimal Classification     Non-fiction Central Library, University of Rajshahi Central Library, University of Rajshahi   28/11/2021 Rajshahi News Home 187.50   B 954.9205092 PAP 2019 05/12/2021 C-2 Books
  Dewey Decimal Classification   Not For Loan Non-fiction Central Library, University of Rajshahi Central Library, University of Rajshahi Bangabandhu Corner Section 28/11/2021 Rajshahi News Home 187.50   B 954.9205092 PAP 2019 05/12/2021 C-1 Books